01366nam a2200325Ia 4500001001200000003000800012006001900020007001500039008004100054010001700095020001500112040002100127035002000148050002700168111006100195245017300256260005900429300001400488490001900502504004100521533015200562650004900714650003300763650003500796655002900831710001700860830002000877856012600897999001701023ebr10032381CaPaEBRm u cr cn|||||||||020820s2002 dcu sb 100 0 eng d z 2002511584 z0309083109 aCaPaEBRcCaPaEBR a(OCoLC)6165874714aKF8961.A75bS25 2002eb2 aScientific Evidence Workshopd(2000 :cWashington, D.C.)14aThe Age of expert testimonyh[electronic resource] :bscience in the courtroom : report of a workshop /cScience, Technology, and Law Panel ; Policy and Global Affairs. aWashington, D.C. :bNational Research Council,cc2002. axi, 68 p.1 aCompass series aIncludes bibliographical references. aElectronic reproduction.bPalo Alto, Calif. :cebrary,d2009.nAvailable via World Wide Web.nAccess may be limited to ebrary affiliated libraries. 0aEvidence, ExpertzUnited StatesvCongresses. 0aScience and lawvCongresses. 0aForensic sciencesvCongresses. 7aElectronic books.2local2 aebrary, Inc. 0aCompass series.40uhttp://site.ebrary.com/lib/rucke/Doc?id=10032381zAn electronic book accessible through the World Wide Web; click to view c63023d63023